000 00769aam a2200253 4500
999 _c31959
_d31959
001 429
003 CO-MdFUSB
005 20171108090751.0
008 170331t1966 ge ||||| |||| 00| 0 eng d
020 _a3-438-05110-9
040 _aCO-MdFUSB
_bspa
_cCO-MdFUSB
_dCO-MdFUSBC
_erda
041 0 _aeng
082 0 4 _aG 225.48 A319h
245 0 4 _aThe greek New Testament
250 _a3
264 4 _aNew York, USA:
_bUnited Bible Societies,
_c© 1966
300 _aLXII, 918 Pág.
336 _2rdacontent
_atexto
_btxt
337 _2rdamedia
_asin mediación
_bn
338 _2rdacarrier
_avolumen
_bnc
500 _ain cooperation with the Institute for New Testament Textual Research, Münster/Westphalia
630 0 7 _aBiblia.
_pNuevo Testamento
_vGriego
942 _cBK